000 00431nam a22001097a 4500
008 230606b xxu||||| |||| 00| 0 eng d
082 _a338.96762
_bKEN
245 _aMaster Plan for the Implementation of a National Integrated Monitoring and Evaluation System for Kenya 2007-2012
_cMinistry of Planning and National Development
260 _aKenya
_bMinistry of Planning and National Development
_c2007
300 _a64 p
942 _2ddc
_cBK
999 _c499
_d499